LEADER 01151nam a2200253 i 4500 001 000000149868 003 CaOOAMICUS 005 20140321000000.0 008 140321s1993 it u000 u lat u 013 $a127200 040 $aSeMil$bita 100 1 $aGiovanni : di Gesù Maria <1564-1615>.$0(OLS)http://semarc/name/13496 245 10$aTheologia mystica /$cVen. P. Ioannis a Iesu Maria ; P. Ioannes Strina, eiusdem Ordinis, criticis adnotationibus edidit. 260 $aBruxelles :$bÉditions Soumillion,$c1993. 300 $a313 p. ;$c24 cm. 490 0 $aIoannes a Iesu Maria 650 4$aGiovanni : di Gesù e Maria - Opere.$0(OLS)http://semarc/subject/29314 700 1 $aStrina, Giovanni Marco .$0(OLS)http://semarc/name/13498 830 0$aIoannes a Iesu Maria.$0(OLS)http://semarc/title/40207 850 $aSeMil 852 $aSeMil$W1$xVenegono$y1$m2C VI 270$j102055$B102055$CSeMilBibl$Z2$F189436 $81 961 $aOmaggio: Glossa 996 $6245$aTheologia mystica$9(OLS)http://semarc/title/219119 996 $6260$aBruxelles :$bÉditions Soumillion$9(OLS)http://semarc/publisher/38153 LEADER 00980nam a2200205 i 4500 001 000000197552 003 CaOOAMICUS 005 20110215000000.0 008 110215s1592 it u000 u ita u 013 $a176239 040 $aSeMil$bita 245 10$aHistoria dell'antichità di Milano, divisa in quattro libri. 260 $aVenezia :$bappresso i Fratelli Guerra,$c1592. 300 $a15,5 x 21 ;$cpp. 802 ;$crom. 500 $aDescrizione da : Incunaboli e Cinquecentine della Biblioteca del Seminario di Milano / catalogo a cura di Ubaldo Valentini, Milano 1981. - Numero di catalogo : 1132. 700 1 $aMorigia, Paolo,$d<1525-1604>.$0(OLS)http://semarc/name/38237 850 $aSeMil 852 $aSeMil$W1$xVenegono$y1$mFV.F III 81$j148111$B148111$CSeMilBibl$Z2$F159533 $86 996 $6245$aHistoria dell'antichità di Milano, divisa in quattro libri$9(OLS)http://semarc/title/285264 996 $6260$aVenezia :$bappresso i Fratelli Guerra$9(OLS)http://semarc/publisher/51010